Hướng dẫn làm bài thi vào các trường Đại học, Cao đẳng và Trung học chuyên nghiệp, môn Lịch Sử
محفوظ في:
| التنسيق: | Sách giấy |
|---|---|
| اللغة: | Vietnamese |
| منشور في: |
Hà Nội :
Đai học và Giáo dục Chuyên nghiệp ,
1989
|
| الوسوم: |
إضافة وسم
لا توجد وسوم, كن أول من يضع وسما على هذه التسجيلة!
|
| Thư viện lưu trữ: | Thư viện Trường Đại học Đà Lạt |
|---|
| LEADER | 00648nam a2200241 4500 | ||
|---|---|---|---|
| 001 | DLU020015679 | ||
| 005 | ##9/13/2000 | ||
| 020 | # | # | |a 978- |
| 041 | # | # | |a vie |
| 082 | # | # | |a 907 |b BOD |
| 090 | # | # | |a 907 |b BOD |
| 245 | # | # | |a Hướng dẫn làm bài thi vào các trường Đại học, Cao đẳng và Trung học chuyên nghiệp, môn Lịch Sử |
| 260 | # | # | |a Hà Nội : |b Đai học và Giáo dục Chuyên nghiệp , |c 1989 |
| 300 | # | # | |a 231 tr.; |c 19 cm. |
| 992 | # | # | |a 6300 |
| 994 | # | # | |a DLU |
| 900 | # | # | |a False |
| 911 | # | # | |a Administrator |
| 925 | # | # | |a G |
| 926 | # | # | |a A |
| 927 | # | # | |a SH |
| 980 | # | # | |a Thư viện Trường Đại học Đà Lạt |